000
00226 a2200097 4500
001
7747
100
_a
Byerly, W.E
245
_a
Elementary treatise on Fourier series
260
_a
_b
Dover publications
_c
090
_c
6204
_d
6204
942
_a
NUST-CAE
_c
M
_c
32717
999
_c
242820
_d
242820